Ranking All Starting WR1s - Statistics

General Stats
  • This quiz has been taken 11 times
  • The average score is 17 of 32
Answer Stats
Rank Team Answer % Correct
1 Rams Cooper Kupp
100%
2 Raiders Davante Adams
100%
4 Bengals JaMarr Chase
100%
3 Vikings Justin Jefferson
100%
9 Chargers Keenan Allen
100%
7 Bills Stefon Diggs
100%
5 Dolphins Tyreek Hill
100%
16 Eagles AJ Brown
91%
24 Lions Amon-Ra St. Brown
91%
8 49ers Deebo Samuel
91%
6 Cardinals DeAndre Hopkins
82%
11 Saints Michael Thomas
82%
12 Bucs Mike Evans
82%
15 Browns Amari Cooper
73%
14 Cowboys CeeDee Lamb
73%
17 Panthers DJ Moore
55%
21 Chiefs Juju Smith-Schuster
55%
23 Broncos Courtland Sutton
36%
13 Commanders Terry McLaurin
36%
32 Packers Allen Lazard
27%
28 Titans Robert Woods
27%
18 Texans Brandin Cooks
18%
22 Colts Michael Pittman
18%
25 Jaguars Christian Kirk
9%
30 Jets Corey Davis
9%
20 Bears Darnell Mooney
9%
10 Steelers Diontae Johnson
9%
31 Giants Kenny Golladay
9%
29 Ravens Rashod Bateman
9%
26 Falcons Drake London
0%
27 Patriots Kendrick Bourne
0%
19 Seahawks Tyler Lockett
0%
No matching quizzes found
Score Distribution
Percent of People with Each Score
Percentile by Number Answered
Your Score History
You have not taken this quiz